The owl who was afraid of the dark / (Record no. 2264)

MARC details
000 -LEADER
fixed length control field 01057cam a2200325 4500
001 - CONTROL NUMBER
control field 2264
003 - CONTROL NUMBER IDENTIFIER
control field FISKH
005 - DATE AND TIME OF LATEST TRANSACTION
control field 20231114092922.0
008 - FIXED-LENGTH DATA ELEMENTS--GENERAL INFORMATION
fixed length control field 710407t19711968inua a 000 1 eng
010 ## - LIBRARY OF CONGRESS CONTROL NUMBER
LC control number 71137716
020 ## - INTERNATIONAL STANDARD BOOK NUMBER
International Standard Book Number 9780749707958
040 ## - CATALOGING SOURCE
Original cataloging agency DLC
Transcribing agency DLC
Modifying agency DLC
Language of cataloging eng
042 ## - AUTHENTICATION CODE
Authentication code lcac
050 00 - LIBRARY OF CONGRESS CALL NUMBER
Classification number PZ7.T5973
Item number Ow4
082 00 - DEWEY DECIMAL CLASSIFICATION NUMBER
Classification number 823.914
100 1# - MAIN ENTRY--PERSONAL NAME
Personal name Tomlinson, Jill.
245 14 - TITLE STATEMENT
Title The owl who was afraid of the dark /
Statement of responsibility, etc. Jill Tomlinson ; Illustrated by Susan Hellar
250 ## - EDITION STATEMENT
Edition statement This new edition published 1992
260 ## - PUBLICATION, DISTRIBUTION, ETC.
Place of publication, distribution, etc. London :
Name of publisher, distributor, etc. Mammoth,
Date of publication, distribution, etc. 1968
300 ## - PHYSICAL DESCRIPTION
Extent 96 pages :
Other physical details illustrations ;
Dimensions 20 cm
505 ## - FORMATTED CONTENTS NOTE
Formatted contents note N<br/>
520 ## - SUMMARY, ETC.
Summary, etc. Owls are supposed to be night birds, but young Plop is afraid of the dark, despite how much other people and animals tell him they enjoy it.
521 8# - TARGET AUDIENCE NOTE
Target audience note 550<br/>
Source Lexile<br/>
521 8# - TARGET AUDIENCE NOTE
Target audience note N<br/>
Source Raz-Plus<br/>
650 #1 - SUBJECT ADDED ENTRY--TOPICAL TERM
Topical term or geographic name entry element Owls
Form subdivision Fiction.
650 #1 - SUBJECT ADDED ENTRY--TOPICAL TERM
Topical term or geographic name entry element Fear of the dark
Form subdivision Fiction.
700 1# - ADDED ENTRY--PERSONAL NAME
Personal name Hellard, Susan
Relator term illustrator
906 ## - LOCAL DATA ELEMENT F, LDF (RLIN)
a 7
b cbc
c orignew
d 2
e ncip
f 19
g y-gencatlg
942 ## - ADDED ENTRY ELEMENTS (KOHA)
Source of classification or shelving scheme Dewey Decimal Classification
Koha item type Books
Suppress in OPAC No
Holdings
Withdrawn status Lost status Source of classification or shelving scheme Damaged status Not for loan Collection Home library Current library Shelving location Date acquired Total Checkouts Full call number Barcode Date last seen Copy number Price effective from Koha item type
    Dewey Decimal Classification     Juvenile Fiction Footprints International School Library Network Toul Kork Campus Footprints International School Library Network Toul Kork Campus TK Primary Library Room(4th Floor), Bookcase 3&4, Shelves 17-32, Yellow Books 11/14/2023   TOM 823.914 PZ7.T5973 2023-0742 11/14/2023 1 11/14/2023 Books
    Dewey Decimal Classification     Juvenile Fiction Footprints International School Library Network Toul Kork Campus Footprints International School Library Network Toul Kork Campus TK Primary Library Room(4th Floor), Bookcase 3&4, Shelves 17-32, Yellow Books 07/10/2024   TOM 823.914 PZ7.T5973 FISTK05218 07/10/2024 2 07/10/2024 Books